Регионална библиотека "Любен Каравелов" - Русе

Спасение, гонения и холокост в царска България (1940-1944) (Запис номер 486884)

MARC детайли
000 -Лидер
Контролно поле с фиксирана дължина 01806nam a2200385 a 4500
003 - Код на организацията, давaща контролен номер
Контролно поле BLK
005 - Дата и час на последна редакция
Контролно поле 20230811121120.0
008 - Елементи от данни с фиксирана дължина
fixed length control field 180409b bul|||||r ||||||| ||bul||
020 ## - Международен стандартен номер на книга ISBN
Международен стандартен номер на книга ISBN 9786191644773
040 ## - Източник на каталожния запис
Идентификатор на билиотеката - собственик на записа BLK
041 ## - Код за език
Код за езика на текст/звукозапис или на отделно заглавие Български
Код за езика КДБФ Български
080 ## - УДК
Текстов определител УДК България в периода 1940 - 1947 г.
УДК код - определител по УДК 94(497.2)"1940/1947"
УДК - код + определител 94(497.2)"1940/1947"
080 ## - УДК
Текстов определител УДК Движения срещу определени раси и националности
УДК код - определител по УДК 323.12
УДК определител (=411.16)(497.2)(091)
УДК - код + определител 323.12(=411.16)(497.2)(091)
100 ## - Редна дума - Автор
Автор Коен, Леа Пепо
Дати, свързани с автора 1942-
R(LIN) 258582
139 ## - Редно поле
Редна дума Коен, Леа Пепо
Авторски знак Кодж - К 73
245 10 - Сведения за заглавието
Заглавие Спасение, гонения и холокост в царска България (1940-1944)
Редно поле (дума) Леа Коен; встъп. думи Стюарт Ейзенстат; ред. Полина Стоянова.
257 ## - Страна на издаване
Страна на създаване/издаване България
260 ## - Област на издателските данни
Място на издаване, разпространение и проч. София
Име на издателя, разпространителя и проч. Enthusiast
Година на издаване 2022
Печатница [София] : Алианс принт
300 ## - Физическа характеристика
Страници 279 с.
Илюстрации и др. с портр., факс.
Размери/Мащаб 24 см
380 ## - Жанр
Жанр История
500 ## - Общи забележки
Забележка Enthusiast - запазена марка на Алто комюникейшънс енд пъблишинг. - Библиогр., бел. под линия
650 #0 - Допълнително описание по предмет – тема
Основно описание – тема или топоним Еврейски въпрос - България
9 (RLIN) 328570
650 #0 - Допълнително описание по предмет – тема
Основно описание – тема или топоним Евреи - България - история
9 (RLIN) 246701
653 ## - Ключова дума – ненормативна
Ключова дума евреи
653 ## - Ключова дума – ненормативна
Ключова дума история
653 ## - Ключова дума – ненормативна
Ключова дума Холокост
700 ## - Други автори (авторска отговорност)
9 (RLIN) 402394
Лично име Ейзенстат, Стюарт
Автороска отговорност (Описва отношението между автора и произведението) встъп. думи
700 ## - Други автори (авторска отговорност)
9 (RLIN) 1311
Лично име Стоянова, Полина Володиева
Автороска отговорност (Описва отношението между автора и произведението) ред.
852 ## - Местоположение
Форматна сигнатура Цб 315144
Фондова буква Хранилище
856 ## - Електронен адрес и достъп
Инструкция (цена за достъп) 0.00
Права за достъп disable
999 ## - СИСТЕМНИ КОНТРОЛНИ НОМЕРА
Koha biblionumber 486884
Koha biblioitemnumber 486884
942 ## - АРТИКУЛИ
Вид на библиотечния материал Книги
Скрит в OPAC Не
Периодичен библиозапис Да
944 ## - СЪЗДАВАНЕ И РЕДАКЦИЯ на ЗАПИСА
Създаване/Редакция Създаване
Дата на регистрацията/редакция 2022-12-14
Служител, извършил регистрацията/редакцията 30556
Статус, дата на статуса Теодора Пейчева-Дянкова
999 ## - СИСТЕМНИ КОНТРОЛНИ НОМЕРА
Koha biblioitemnumber 486884
999 ## - СИСТЕМНИ КОНТРОЛНИ НОМЕРА
Koha biblioitemnumber 486884
Наличности
Код за отписване Код за изгубен артикул Източник на класификационната схема Код за повреда Коз за рестрикции Код за отдаване Артикулен № Име на библиотеката - собственик Име на библиотеката, в която се намира в момента Статус (Текущо местоположение) Дата на вписване в системата Местоположение - отдел Цена в лева Систематично азбучна сигнатура Баркод Цена в евро Служебен тип на артикула
  Не е изгубен Universal Decimal Classification Не е повреден само за читалня ползва се в читалня 919833 Регионална библиотека "Любен Каравелов" Русе Регионална библиотека "Любен Каравелов" Русе Хранилище 2022-12-15 Хранилище 22.00 Цб 315144 120000879699 11.25 Книги
  Не е изгубен Universal Decimal Classification Не е повреден без рестрикции заемане за дома 922313 Регионална библиотека "Любен Каравелов" Русе Регионална библиотека "Любен Каравелов" Русе Заемна - подръчен фонд 2023-01-20 Заемна - подръчен фонд 15.40 94(497.2)"1939/1944"/К 73 Л 120000881941 7.87 Книги
Vip Innovations Ltd, Rousse, Bulgaria 2025